Lo divino en lo humano : ensayos filosóficos /

Guardat en:
Dades bibliogràfiques
Altres autors: Ferro Gay, Federico (autor) (autor)
Format: Llibre
Idioma:espanyol
Publicat: Ciudad Juárez, México : Universidad Autónoma de Chihuahua, Facultad de Filosofía y Letras : Universidad Autónoma de Ciudad Juárez, 2003, c2003
Etiquetes: Afegir etiqueta
Sense etiquetes, Sigues el primer a etiquetar aquest registre!

MARC

LEADER 00000nam^a2200000^a^4500
001 000617607
005 20260220000000.0
009 20260310133743.77
020 |a 970-748-000-9 
037 |a Acervo ITESO - Biblioteca 
041 |a ESP 
091 |a FOB. 00130 
245 0 3 |a Lo divino en lo humano :  |b ensayos filosóficos / 
264 4 |a Ciudad Juárez, México :  |b Universidad Autónoma de Chihuahua, Facultad de Filosofía y Letras :  |b Universidad Autónoma de Ciudad Juárez,  |c 2003, c2003 
300 |a 237 p. 
336 |a texto  |b txt  |2 rdacontenido 
337 |a sin mediación  |b n  |2 rdamedio 
338 |a volumen  |b nc  |2 rdasoporte 
649 |a XX 
700 |a Ferro Gay, Federico  |e (autor) 
910 |a Fondo Carlos de Obeso Orendain 
920 |a Impresos - Libros 
930 |a Fondos Especiales 
905 |a 147 
901 |a 617607-10  |b IT2  |c ESP  |i D87959  |u 20250714 
902 |a https://opac.biblio.iteso.mx/vufind/Record/000617607